ARRUPE JESUIT UNIVERSITY

CORONAVIRUS -STOP THE SPREAD - CLEAN,DISINFECT,COVER

Standard Shona-English dictionary of names (Record no. 125756)

MARC details
000 -LEADER
fixed length control field 00424nam a22001337a 4500
008 - FIXED-LENGTH DATA ELEMENTS--GENERAL INFORMATION
fixed length control field 161118b xxu||||| |||| 00| 0 eng d
050 ## - LIBRARY OF CONGRESS CALL NUMBER
Classification number REF PL8681.4.K12
100 ## - MAIN ENTRY--PERSONAL NAME
Personal name Kahari, George Payne
9 (RLIN) 27536
245 ## - TITLE STATEMENT
Title Standard Shona-English dictionary of names
Statement of responsibility, etc /George Payne Kahari
260 ## - PUBLICATION, DISTRIBUTION, ETC. (IMPRINT)
Place of publication, distribution, etc [s.l.]
Name of publisher, distributor, etc [s.n]
Date of publication, distribution, etc 2016
300 ## - PHYSICAL DESCRIPTION
Extent xxxviii,973
Dimensions 21cm.
650 ## - SUBJECT ADDED ENTRY--TOPICAL TERM
Topical term or geographic name as entry element Shona literature
General subdivision Dictionaries
9 (RLIN) 27538
942 ## - ADDED ENTRY ELEMENTS (KOHA)
Source of classification or shelving scheme Library of Congress Classification
Item type Monograph ( Printed materials)
Holdings
Withdrawn status Lost status Source of classification or shelving scheme Damaged status Not for loan Collection code Home library Current library Shelving location Date acquired Total Checkouts Full call number Barcode Date last seen Copy number Price effective from Koha item type
    Library of Congress Classification     REFERENCE ARRUPE LIBRARY ARRUPE LIBRARY Reference 18/11/2016   REF PL8681.4.K12 46500009832 18/11/2016 v.1 18/11/2016 REFERENCE
    Library of Congress Classification     REFERENCE ARRUPE LIBRARY ARRUPE LIBRARY Reference 18/11/2016   REF PL8681.4.K12 46500009833 18/11/2016 v.2 18/11/2016 REFERENCE

 

Arrupe Library. PO Box MP320 Mt Pleasant, Harare, Zimbabwe
263 242 745411|librarian@aju.ac.zw